[Event "Welsh over 65s Championship"]
[Site "?"]
[Date "2025.09.27"]
[Round "3.9"]
[White "Hurn, Robert Aj"]
[Black "Van Kemenade, J.."]
[Result "1/2-1/2"]
[WhiteElo "1686"]
[BlackElo "1744"]
[WhiteFideId "-1"]
[PlyCount "61"]
[GameId "2226765444468822"]
[EventDate "2025.09.27"]

1. d4 Nf6 2. c4 e5 3. dxe5 Ng4 4. Nf3 Bc5 5. e3 Nc6 6. Be2 O-O 7. O-O Re8 8. e6 Rxe6 9. h3 Nge5 10. Nc3 d6 11. b3 Rg6 12. Kh2 Be6 13. Ne4 Nxf3+ 14. Bxf3 Qh4 15. Ng3 Rh6 16. e4 Rg6 17. Nf5 Qf6 18. Be3 Bxf5 19. exf5 Qxf5 20. Bxc5 Qxc5 21. Qd5 Qxd5 22. Bxd5 Kf8 23. Rfe1 Re8 24. Rxe8+ Kxe8 25. Re1+ Kf8 26. a3 Nd8 27. g3 c6 28. Bg2 Re6 29. Re4 Ke7 30. g4 Rxe4 31. Bxe4 1/2-1/2

[Event "Welsh over 65s Championship"]
[Site "?"]
[Date "2025.09.28"]
[Round "4.1"]
[White "Thomas, Mark"]
[Black "Varley, Peter"]
[Result "0-1"]
[Annotator "kemen"]
[WhiteElo "1884"]
[BlackElo "2146"]
[PlyCount "110"]
[GameId "2227884559048795"]
[EventDate "2025.09.27"]

{[%evp 0,13,22,10,-34,17,37,10,11,4,24,12,29,6,13,9]} 1. e4 e5 2. Nf3 Nc6 3. Bb5 Nf6 4. Qe2 Qe7 5. c3 d6 6. d3 Bd7 7. Nbd2 g6 8. Nf1 Bg7 9. Ne3 O-O 10. a4 a6 11. Bc4 Na5 12. Ba2 c5 13. Nc4 Nxc4 14. Bxc4 b5 15. Bb3 Bc6 16. O-O h6 17. Nh4 Kh7 18. g3 Qd7 19. axb5 axb5 20. Rxa8 Rxa8 21. f3 Nh5 22. Be3 Bf6 23. Ng2 Rf8 24. Qd2 Bg7 25. g4 Nf6 26. g5 hxg5 27. Bxg5 Nh5 28. Qf2 f6 29. Be3 Bh6 30. Bxh6 Kxh6 31. Qe3+ Kg7 32. f4 exf4 33. Nxf4 Qg4+ 34. Ng2 Qd7 35. Qf3 Qe7 36. Bd5 Bxd5 37. exd5 Re8 38. Re1 Qf7 39. Re6 Rxe6 40. dxe6 Qxe6 41. Qb7+ Kh6 42. Qxb5 Qg4 43. Kf2 Nf4 44. Nxf4 Qxf4+ 45. Kg2 Qd2+ 46. Kg1 Qe1+ 47. Kg2 Qe2+ 48. Kg1 f5 49. b4 f4 50. Qc4 f3 51. Qh4+ Kg7 52. Qf2 cxb4 53. Qd4+ Kf7 54. Qd5+ Ke7 55. Qb7+ Kf6 0-1

[Event "Welsh over 65s Championship"]
[Site "?"]
[Date "2025.09.28"]
[Round "4.2"]
[White "Morgan, David A"]
[Black "Lexton, Michael J"]
[Result "1/2-1/2"]
[WhiteElo "1687"]
[BlackElo "2039"]
[WhiteFideId "-1"]
[WhiteFideId "-1"]
[PlyCount "38"]
[GameId "2227891166373062"]
[EventDate "2025.09.27"]

1. c4 e5 2. Nc3 Nf6 3. g3 Bb4 4. Nd5 Nxd5 5. cxd5 O-O 6. Bg2 c6 7. a3 Ba5 8. b4 Bb6 9. e3 d6 10. Bb2 cxd5 11. Bxd5 Nc6 12. Bg2 Be6 13. Ne2 Qd7 14. d4 Bh3 15. O-O Bxg2 16. Kxg2 e4 17. d5 Ne5 18. Bxe5 dxe5 19. Nc3 Rfd8 1/2-1/2

[Event "Welsh over 65s Championship"]
[Site "?"]
[Date "2025.09.28"]
[Round "4.3"]
[White "Fletcher, John"]
[Black "Davis, Lee"]
[Result "1/2-1/2"]
[Annotator "kemen"]
[WhiteElo "1990"]
[BlackElo "1917"]
[WhiteFideId "-1"]
[PlyCount "34"]
[GameId "2227892844934658"]
[EventDate "2025.09.27"]

{[%evp 0,34,10,39,39,11,38,37,33,118,24,28,45,1,27,-17,88,9,26,16,9,15,-44,0,9,-30,43,-50,3,0,8,23,31,-1,23,16,25]} 1. e4 g6 2. d4 d6 3. Nc3 Bg7 4. Be3 a6 5. g4 Nd7 6. f4 c5 7. dxc5 Nxc5 8. Bxc5 Bxc3+ 9. bxc3 dxc5 10. Qxd8+ Kxd8 11. h3 b6 12. Bg2 Bb7 13. Ne2 f5 14. gxf5 gxf5 15. Ng3 fxe4 16. Bxe4 Bxe4 17. Nxe4 Nf6 {(=)} 1/2-1/2

[Event "Welsh over 65s Championship"]
[Site "?"]
[Date "2025.09.28"]
[Round "4.4"]
[White "Van Kemenade, R.."]
[Black "White, Chris R"]
[Result "0-1"]
[WhiteElo "1935"]
[BlackElo "1725"]
[WhiteFideId "-1"]
[WhiteFideId "-1"]
[PlyCount "92"]
[GameId "2227170178846768"]
[EventDate "2025.09.28"]

{[%evp 0,92,21,34,39,125,40,37,32,36,22,36,27,22,31,72,30,46,20,44,80,63,95,46,56,64,88,86,85,-72,64,63,73,-9,0,52,50,72,61,47,-32,-45,16,-42,43,-88,34,64,8,15,177,193,240,317,257,267,260,134,25,85,-33,92,-32,-90,-232,-64,-83,-41,-185,-161,-211,-215,-181,-248,-286,-237,-263,-264,-296,-298,-232,-592,-359,-402,-391,-264,-328,-338,-330,-573,-475,-643,-609,-548,-483]} 1. e4 g6 2. d4 Bg7 3. c4 d6 4. Nc3 Nf6 5. h3 O-O 6. Be3 e5 7. d5 a5 8. g4 Na6 9. Nge2 b6 10. Ng3 Nc5 11. Bd3 Nxd3+ 12. Qxd3 h6 13. Qd2 Kh7 14. g5 Ng8 15. h4 h5 16. O-O-O a4 17. Qe2 Bg4 18. f3 Bd7 19. Rdg1 Ne7 20. Nd1 Qc8 21. Nf2 Qa6 22. Kb1 b5 23. c5 Rfb8 24. Rc1 b4 25. Qxa6 Rxa6 26. cxd6 cxd6 27. Rc7 Rd8 28. Nd3 b3 29. axb3 axb3 30. Rb7 Rda8 31. Rxb3 Ra1+ 32. Kc2 Rxh1 33. Nxh1 Ba4 34. Kc3 Nxd5+ 35. exd5 e4+ 36. Kc4 Bxb3+ 37. Kxb3 exd3 38. Nf2 Rb8+ 39. Kc4 Rxb2 40. Nxd3 Rh2 41. Bf4 Rxh4 42. Kb5 Rh3 43. Bxd6 Rxf3 44. Ne5 Rf5 45. Nxf7 Rxd5+ 46. Kc6 Rd1 0-1

[Event "Welsh over 65s Championship"]
[Site "?"]
[Date "2025.09.28"]
[Round "4.5"]
[White "Watkins, Peter"]
[Black "Havard, Gwyn"]
[Result "0-1"]
[WhiteElo "1599"]
[BlackElo "1816"]
[WhiteFideId "-1"]
[PlyCount "86"]
[GameId "2228077660835925"]
[EventDate "2025.09.28"]

1. e4 d5 2. exd5 Nf6 3. d4 Bg4 4. Be2 Bxe2 5. Qxe2 Qxd5 6. Nf3 e6 7. c3 Nc6 8. Bg5 Be7 9. Nbd2 O-O-O 10. O-O-O Qxa2 11. Qc4 Qa5 12. Bxf6 Bxf6 13. Ne4 Be7 14. Rhe1 Qb6 15. Qe2 Rd5 16. Kc2 Rb5 17. Rb1 a5 18. Ned2 Rd8 19. Nc4 Qa6 20. Nfe5 Nxe5 21. Nxe5 f6 22. Nf3 Rd6 23. Qe4 Rh5 24. h3 Kd7 25. Re2 b5 26. Qd3 c5 27. Qe3 cxd4 28. Nxd4 Re5 29. Qf3 Rdd5 30. Rxe5 Rxe5 31. Rd1 Bd6 32. Qd3 g6 33. Qf3 f5 34. g4 b4 35. Rd3 Rd5 36. Ne2 b3+ 37. Kd2 Qxd3+ 38. Qxd3 Rxd3+ 39. Kxd3 fxg4 40. hxg4 h5 41. gxh5 gxh5 42. Ke4 h4 43. Kf3 h3 0-1

[Event "Welsh over 65s Championship"]
[Site "?"]
[Date "2025.09.28"]
[Round "4.6"]
[White "Dixon, Chris"]
[Black "Thomas, Roy"]
[Result "1/2-1/2"]
[WhiteElo "1787"]
[BlackElo "1788"]
[PlyCount "100"]
[GameId "2228080642941242"]
[EventDate "2025.09.28"]

1. d4 e6 2. e4 d5 3. exd5 exd5 4. Nc3 c6 5. Bd3 Be7 6. Nge2 Nf6 7. O-O O-O 8. Ng3 Bg4 9. f3 Be6 10. Nce2 Bd6 11. Bf4 Bxf4 12. Nxf4 Qb6 13. Nxe6 fxe6 14. Kh1 Nbd7 15. Qd2 e5 16. c3 exd4 17. cxd4 Rae8 18. Rfe1 Qd8 19. Nf5 Nb6 20. Qg5 Qc7 21. b3 Kh8 22. Rac1 Nc8 23. Qh4 Qf7 24. Qf2 g6 25. Ng3 Nd6 26. Rxe8 Rxe8 27. Re1 a6 28. Qd2 Nb5 29. Bxb5 axb5 30. Rxe8+ Qxe8 31. Qe2 Kg7 32. Qxe8 Nxe8 33. Kg1 Nc7 34. Kf2 b6 35. b4 Kf6 36. Ke3 Ke6 37. Ne2 Kd6 38. f4 c5 39. dxc5+ bxc5 40. bxc5+ Kxc5 41. g4 Ne8 42. Kd3 Nf6 43. h3 Ne4 44. Ke3 Kc4 45. f5 gxf5 46. gxf5 Nf6 47. Nd4 b4 48. Ne2 h6 49. Nd4 Kc3 50. Nc6 Kc4 1/2-1/2

[Event "Welsh over 65s Championship"]
[Site "?"]
[Date "2025.09.28"]
[Round "4.7"]
[White "White, Sam"]
[Black "Jones, Jeremy J"]
[Result "0-1"]
[WhiteElo "1647"]
[BlackElo "1670"]
[WhiteFideId "-1"]
[PlyCount "108"]
[GameId "2228083732689216"]
[EventDate "2025.09.28"]

1. d4 d5 2. Bf4 Bf5 3. Nf3 e6 4. Nbd2 Bd6 5. Be5 f6 6. Bxd6 cxd6 7. Nh4 Bg4 8. Ndf3 g5 9. g3 gxh4 10. Nxh4 Ne7 11. f3 Bh5 12. Bh3 Bf7 13. Qd2 Ng6 14. Ng2 Nc6 15. O-O-O Qa5 16. Kb1 Qxd2 17. Rxd2 Ke7 18. Re1 Rhd8 19. Ne3 e5 20. Nf5+ Kf8 21. e4 dxe4 22. d5 Nce7 23. Nxe7 Nxe7 24. fxe4 Bg6 25. Rf2 Kg7 26. Be6 Bf7 27. Bh3 Nxd5 28. exd5 Bxd5 29. Rd2 Bc6 30. Bf5 Bd7 31. Be4 Bc6 32. Bf5 d5 33. Be6 Rd6 34. Bh3 Rad8 35. Kc1 d4 36. Bf5 Bd7 37. g4 Bxf5 38. gxf5 Kf7 39. Rd3 Rg8 40. Rh3 Rg7 41. Re4 b5 42. Rg3 Rxg3 43. hxg3 Ra6 44. Kb1 Rd6 45. Re1 d3 46. cxd3 Rxd3 47. g4 Rd5 48. Rc1 Ke7 49. Rh1 e4 50. Rxh7+ Kd6 51. Rxa7 e3 52. Ra6+ Ke5 53. Re6+ Kf4 54. Rxf6 e2 0-1

[Event "Welsh over 65s Championship"]
[Site "?"]
[Date "2025.09.28"]
[Round "4.8"]
[White "Van Kemenade, J.."]
[Black "Williams, Ron"]
[Result "1-0"]
[WhiteElo "1744"]
[BlackElo "1659"]
[WhiteFideId "-1"]
[WhiteFideId "-1"]
[PlyCount "75"]
[GameId "2227475564028096"]
[EventDate "2025.09.28"]

1. e4 e6 2. d3 d5 3. Qe2 Nf6 4. Nf3 Be7 5. g3 b5 6. Nc3 b4 7. e5 Nfd7 8. Nd1 c5 9. Bg2 Bb7 10. O-O a5 11. Re1 Qc7 12. b3 a4 13. Nb2 Nb6 14. Bf4 a3 15. Nd1 d4 16. Nd2 Bxg2 17. Kxg2 Nd5 18. Nc4 Nxf4+ 19. gxf4 Nd7 20. f3 O-O 21. Nf2 Nb6 22. Nxb6 Qxb6 23. Ne4 Qc7 24. Rg1 f5 25. Nd2 Kf7 26. Kf1 Rg8 27. Qg2 g5 28. Qh3 Rg7 29. Qh5+ Kg8 30. Nc4 Kh8 31. fxg5 Bxg5 32. Rxg5 Rxg5 33. Qxg5 Rg8 34. Qf6+ Qg7 35. Qxg7+ Rxg7 36. Kf2 Kg8 37. Rg1 Rxg1 38. Kxg1 1-0

[Event "Welsh over 65s Championship"]
[Site "?"]
[Date "2025.09.28"]
[Round "4.9"]
[White "Williams, Stephen"]
[Black "Quinn, Peter"]
[Result "1-0"]
[Annotator "kemen"]
[WhiteElo "1636"]
[BlackElo "1713"]
[PlyCount "71"]
[GameId "2228086521626978"]
[EventDate "2025.09.28"]

{[%evp 0,10,25,25,33,-8,35,-32,26,40,29,-12,160]} 1. e4 Nf6 2. e5 Nd5 3. d4 d6 4. Nf3 g6 5. c4 Nb6 6. Nc3 Bg7 7. Be3 Nc6 8. e6 fxe6 9. h4 e5 10. d5 Na5 11. Ng5 e6 12. dxe6 Qe7 13. Nd5 Nxd5 14. cxd5 b6 15. b4 Nb7 16. Qa4+ Kf8 17. Qc6 Bf6 18. Nf7 Rg8 19. Bh6+ Bg7 20. Bxg7+ Rxg7 21. Rc1 Rxf7 22. exf7 Qxf7 23. Ba6 Rb8 24. Qxc7 Qxc7 25. Rxc7 Ke8 26. Rxh7 Nd8 27. Bb5+ Kf8 28. Rxa7 Nf7 29. O-O Bf5 30. Rc1 Be4 31. Bc6 Rc8 32. Ra8 Rxa8 33. Bxa8 b5 34. Rc3 Bb1 35. Ra3 Ke7 36. Bc6 1-0

[Event "Welsh over 65s Championship"]
[Site "?"]
[Date "2025.09.28"]
[Round "5.1"]
[White "Varley, Peter"]
[Black "White, Chris R"]
[Result "1/2-1/2"]
[WhiteElo "2146"]
[BlackElo "1725"]
[WhiteFideId "-1"]
[PlyCount "52"]
[GameId "2228092039554183"]
[EventDate "2025.09.28"]

1. d4 d5 2. c4 c6 3. Nf3 Nf6 4. Qc2 e6 5. Bg5 Nbd7 6. cxd5 exd5 7. Nc3 Be7 8. e3 Nf8 9. Bd3 Ng6 10. Nh4 Ng4 11. Bxe7 Qxe7 12. Nf5 Bxf5 13. Bxf5 Nf6 14. g3 Qd6 15. O-O-O O-O 16. Kb1 b5 17. h4 Ne7 18. Bh3 h5 19. Ne2 a5 20. f3 a4 21. e4 dxe4 22. fxe4 Ng4 23. Bxg4 hxg4 24. e5 Qg6 25. h5 Qxc2+ 26. Kxc2 Nd5 1/2-1/2

[Event "Welsh over 65s Championship"]
[Site "?"]
[Date "2025.09.28"]
[Round "5.2"]
[White "Thomas, Mark"]
[Black "Lexton, Michael J"]
[Result "1/2-1/2"]
[WhiteElo "1884"]
[BlackElo "2039"]
[WhiteFideId "-1"]
[PlyCount "55"]
[GameId "2228093598090378"]
[EventDate "2025.09.28"]

1. e4 g6 2. Nc3 Bg7 3. f4 d6 4. Nf3 Nf6 5. Bc4 O-O 6. O-O e6 7. d3 d5 8. Bb3 Na6 9. e5 Ne8 10. Be3 b6 11. Ne2 Nc5 12. c3 Nxb3 13. axb3 c5 14. d4 Qc7 15. Qe1 a5 16. Qh4 Ba6 17. Rf2 c4 18. f5 exf5 19. Ng5 h6 20. Nh3 Qd8 21. Bg5 f6 22. Bxh6 cxb3 23. Nef4 fxe5 24. Bg5 Bf6 25. Ne6 Qe7 26. Nxf8 Qxf8 27. dxe5 Bxg5 28. Qxg5 1/2-1/2

[Event "Welsh over 65s Championship"]
[Site "?"]
[Date "2025.09.28"]
[Round "5.3"]
[White "Davis, Lee"]
[Black "Morgan, David A"]
[Result "1/2-1/2"]
[WhiteElo "1917"]
[BlackElo "1687"]
[WhiteFideId "-1"]
[PlyCount "54"]
[GameId "2228095863891088"]
[EventDate "2025.09.28"]

1. d4 c5 2. Nf3 cxd4 3. Nxd4 g6 4. c4 Nf6 5. Nc3 Bg7 6. g3 d5 7. Bg2 e5 8. Nb3 d4 9. Nd5 Nxd5 10. Bxd5 O-O 11. e3 Nc6 12. O-O Nb4 13. Bg2 Bf5 14. Bd2 Nc6 15. Rc1 dxe3 16. Bxe3 Bd3 17. Re1 e4 18. Nc5 Bxb2 19. Nxd3 exd3 20. Rb1 Bc3 21. Bd2 Bxd2 22. Qxd2 Na5 23. Rbd1 Nxc4 24. Qxd3 Qxd3 25. Rxd3 Rad8 26. Rxd8 Rxd8 27. Bxb7 Kf8 1/2-1/2

[Event "Welsh over 65s Championship"]
[Site "?"]
[Date "2025.09.28"]
[Round "5.4"]
[White "Havard, Gwyn"]
[Black "Van Kemenade, R.."]
[Result "0-1"]
[WhiteElo "1816"]
[BlackElo "1935"]
[WhiteFideId "-1"]
[PlyCount "82"]
[GameId "2227185828322898"]
[EventDate "2025.09.28"]

1. e4 e5 2. Nf3 Nf6 3. Nxe5 d6 4. Nc4 Nxe4 5. d3 Nf6 6. Be2 d5 7. Ne5 Nbd7 8. Bf4 Bd6 9. d4 Qe7 10. Nxd7 Bxf4 11. Nxf6+ Qxf6 12. Nc3 c6 13. g3 Bd6 14. Qd2 O-O 15. O-O-O b5 16. Bd3 a5 17. h4 a4 18. Qg5 Qxf2 19. Nxd5 Qxg3 20. Ne7+ Kh8 21. Qxg3 Bxg3 22. Nxc6 Be6 23. Be4 Bxa2 24. Rdf1 Rae8 25. Bd3 Bd5 26. Rhg1 Bh2 27. Bxb5 Bxg1 28. Rxg1 Re4 29. Rd1 Rc8 30. Nb4 Bb3 31. Kb1 Be6 32. Bxa4 Rxh4 33. c3 Ra8 34. d5 Bg4 35. Re1 g5 36. Re8+ Rxe8 37. Bxe8 Bf5+ 38. Ka2 g4 39. d6 g3 40. Bc6 Rh6 41. d7 Bxd7 0-1

[Event "Welsh over 65 Championships"]
[Site "?"]
[Date "2025.09.28"]
[Round "5.5"]
[White "Thomas, Roy"]
[Black "Van Kemenade, J.."]
[Result "1/2-1/2"]
[WhiteElo "1788"]
[BlackElo "1744"]
[WhiteFideId "-1"]
[PlyCount "66"]
[GameId "2227502608509187"]
[EventDate "2025.09.29"]

1. c4 Nf6 2. Nc3 d6 3. g3 e5 4. Bg2 c6 5. d3 Nbd7 6. e3 Be7 7. Nge2 O-O 8. O-O Ne8 9. b3 f5 10. Bb2 Ndf6 11. h3 Be6 12. d4 Qc7 13. Qc2 g6 14. Rfd1 Ng7 15. Rac1 Rae8 16. Qb1 Nfh5 17. d5 Bc8 18. Kh2 c5 19. Rf1 a6 20. a4 Bg5 21. f4 exf4 22. exf4 Bf6 23. Rce1 Re3 24. Nd1 Re7 25. Bxf6 Nxf6 26. Nec3 Rfe8 27. Nf2 Re3 28. Qc1 Qe7 29. Rxe3 Qxe3 30. Qxe3 Rxe3 31. Nfd1 Re7 32. Rf2 Kf7 33. Re2 Nge8 1/2-1/2

[Event "Welsh over 65 Championships"]
[Site "?"]
[Date "2025.09.28"]
[Round "5.6"]
[White "Hurn, R0bert AJ"]
[Black "Dixon, Chris"]
[Result "1/2-1/2"]
[WhiteElo "1686"]
[BlackElo "1787"]
[WhiteFideId "-1"]
[PlyCount "40"]
[GameId "2228098017813680"]
[EventDate "2025.09.29"]

1. d4 d5 2. c4 e6 3. Nc3 Nf6 4. cxd5 exd5 5. Bg5 Be7 6. e3 c6 7. Qc2 Nbd7 8. Bd3 O-O 9. Nge2 Re8 10. O-O Nf8 11. f3 Ng6 12. Rad1 h6 13. Bxf6 Bxf6 14. e4 dxe4 15. Bxe4 Nf8 16. d5 Qb6+ 17. Kh1 Bd7 18. Rd3 Rac8 19. Qd2 Qa5 20. Rb1 c5 1/2-1/2

[Event "Welsh over 65 Championships"]
[Site "?"]
[Date "2025.09.28"]
[Round "5.7"]
[White "Williams, Stephen"]
[Black "Watkins, Peter"]
[Result "1-0"]
[WhiteElo "1636"]
[BlackElo "1599"]
[WhiteFideId "-1"]
[PlyCount "35"]
[GameId "2228099302606007"]
[EventDate "2025.09.29"]

{[%evp 0,35,22,0,9,67,26,90,45,34,41,21,43,11,34,-21,31,27,32,33,74,68,81,99,102,101,108,81,131,65,146,189,135,140,153,63,97,33]} 1. e4 e5 2. Nf3 Nc6 3. d4 exd4 4. Nxd4 Nf6 5. Nxc6 dxc6 6. Qxd8+ Kxd8 7. Bg5 Be7 8. Nd2 Be6 9. f3 h6 10. Be3 Kc8 11. Bc4 b5 12. Bxe6+ fxe6 13. O-O-O Rd8 14. Nb3 a5 15. Rxd8+ Kxd8 16. Rd1+ Ke8 17. Nc5 Kf7 18. Nd7 1-0

[Event "Welsh over 65 Championships"]
[Site "?"]
[Date "2025.09.28"]
[Round "5.8"]
[White "Williams, Ron"]
[Black "White, Sam"]
[Result "0-1"]
[Annotator "kemen"]
[WhiteElo "1659"]
[BlackElo "1647"]
[WhiteFideId "-1"]
[PlyCount "92"]
[GameId "2228100863513795"]
[EventDate "2025.09.29"]

1. d4 Nf6 2. Nf3 d5 3. e3 e6 4. Bd3 Be7 5. Nbd2 O-O 6. O-O b6 7. Re1 Bb7 8. e4 c6 9. e5 Nfd7 10. Nf1 c5 11. c3 Ba6 12. Bxh7+ Kxh7 13. Ng5+ Bxg5 14. Qh5+ Bh6 15. Bxh6 gxh6 16. f4 f5 17. exf6 Qxf6 18. Re3 cxd4 19. cxd4 Qxd4 20. Rae1 Bxf1 21. Kxf1 Qxf4+ 22. Rf3 Qg5 23. Rf7+ Rxf7+ 24. Qxf7+ Qg7 25. Qxe6 Na6 26. Qf5+ Kh8 27. Qxd5 Rf8+ 28. Kg1 Qf6 29. Qd2 Nac5 30. Qe2 Nd3 31. Rf1 Qd4+ 32. Kh1 Rxf1+ 33. Qxf1 Nf2+ 34. Kg1 Ng4+ 35. Kh1 Qf2 36. Qxf2 Nxf2+ 37. Kg1 Nd3 38. Kf1 Kg7 39. Ke2 Nxb2 40. Kd2 Kf6 41. Kc2 Na4 42. Kb3 Ndc5+ 43. Kc4 Nb2+ 44. Kb5 Nbd3 45. a4 Nb7 46. Kc4 Ne5+ {time} 0-1

[Event "Welsh Seniors O50"]
[Site "?"]
[Date "2025.09.26"]
[Round "1.1"]
[White "Turner, Joseph David"]
[Black "Toczek, Grzegorz"]
[Result "0-1"]
[WhiteElo "1814"]
[BlackElo "2231"]
[PlyCount "106"]
[GameId "2228161185789927"]
[EventDate "2025.??.??"]

1. e4 c5 2. a3 g6 3. Nc3 Bg7 4. Bc4 e6 5. Nge2 Nc6 6. d3 Nge7 7. Bg5 h6 8. Bh4 a6 9. Qd2 d6 10. f4 Qd7 11. g4 g5 12. fxg5 Ne5 13. Rf1 N7g6 14. gxh6 Bxh6 15. Bg5 Bxg5 16. Qxg5 Qe7 17. Qxe7+ Kxe7 18. Nf4 Nxf4 19. Rxf4 Rxh2 20. O-O-O Bd7 21. Bb3 Rg8 22. d4 cxd4 23. Rxd4 Bc6 24. a4 a5 25. Nb5 Bxb5 26. axb5 b6 27. Rf1 Rg2 28. Rfd1 Rd8 29. c4 Rd7 30. Rh1 Rxg4 31. Bd1 Rg2 32. Rh8 Rc7 33. b3 a4 34. Rb8 Nd7 35. Ra8 axb3 36. Bxb3 Rc5 37. Ra7 Rh5 38. Bd1 Re5 39. Bf3 Rf2 40. Rd3 Rc5 41. Rc3 Kd8 42. Ra8+ Rc8 43. Rxc8+ Kxc8 44. Ra3 Kd8 45. Ra8+ Ke7 46. Bh5 Rf4 47. Kd2 Rxe4 48. Bf3 Rxc4 49. Ra7 d5 50. Bh5 Rf4 51. Ke3 Rf6 52. Bg4 Kd6 53. Bh3 Nc5 0-1

[Event "Welsh Seniors O50"]
[Site "?"]
[Date "2025.09.26"]
[Round "1.2"]
[White "Kett, Tim"]
[Black "Howells, S Wyn"]
[Result "1-0"]
[WhiteElo "2089"]
[BlackElo "1747"]
[WhiteFideId "-1"]
[PlyCount "43"]
[GameId "2228161185798120"]
[EventDate "2025.??.??"]

1. e4 c5 2. Nf3 g6 3. c3 Bg7 4. d4 cxd4 5. cxd4 d5 6. exd5 Qxd5 7. Nc3 Qa5 8. Bc4 Nf6 9. Ne5 O-O 10. O-O Nfd7 11. f4 Nc6 12. Be3 Ndxe5 13. fxe5 e6 14. Ne4 Qc7 15. Rc1 Qd8 16. Nf6+ Kh8 17. Qg4 Ne7 18. Bg5 Nf5 19. Rxf5 exf5 20. Qh4 h5 21. Nxh5 f6 22. Nxf6+ 1-0

[Event "Welsh Seniors O50"]
[Site "?"]
[Date "2025.09.26"]
[Round "1.3"]
[White "Williams, John A"]
[Black "Hatchett, Paul"]
[Result "0-1"]
[WhiteElo "1675"]
[BlackElo "1933"]
[WhiteFideId "-1"]
[PlyCount "58"]
[GameId "2228161185802217"]
[EventDate "2025.??.??"]

1. d4 Nf6 2. c4 g6 3. Nc3 Bg7 4. e4 d6 5. Be2 O-O 6. Bg5 Na6 7. g4 e5 8. d5 c6 9. h4 Qa5 10. Bd2 Nc5 11. h5 Qd8 12. f3 a5 13. hxg6 fxg6 14. Bh6 Rf7 15. Bxg7 Rxg7 16. Qd2 cxd5 17. cxd5 Bd7 18. Nh3 b5 19. Bxb5 Bxb5 20. Nxb5 Rb8 21. Qe2 Rgb7 22. a4 Nxa4 23. Rxa4 Rxb5 24. Ra2 Qb6 25. Rh2 Rb3 26. Ra3 Qb4+ 27. Qd2 Rxa3 28. bxa3 Qxa3 29. Ng5 Rb1+ 0-1

[Event "Welsh Seniors O50"]
[Site "?"]
[Date "2025.09.26"]
[Round "1.4"]
[White "May, Adam J"]
[Black "Cooke, Mark"]
[Result "0-1"]
[WhiteElo "1858"]
[BlackElo "1644"]
[WhiteFideId "-1"]
[PlyCount "94"]
[GameId "2228161185806314"]
[EventDate "2025.??.??"]

1. d4 c6 2. Nc3 Nf6 3. e4 d6 4. f4 Bg4 5. Nf3 e6 6. h3 Bxf3 7. Qxf3 Be7 8. Be3 Nbd7 9. Bd3 g6 10. O-O a6 11. Rad1 O-O 12. f5 Nh5 13. Bh6 Ng7 14. fxe6 fxe6 15. Qg3 Qb6 16. Bc4 Rxf1+ 17. Kxf1 Rf8+ 18. Kg1 d5 19. Bb3 Bf6 20. Ne2 Rf7 21. Kh1 Qd8 22. Qg4 Nf8 23. Nf4 e5 24. Nxd5 cxd5 25. Bxd5 Qd7 26. Bxf7+ Qxf7 27. d5 Nd7 28. Rf1 Ne8 29. Bg5 Qe7 30. Be3 Kg7 31. c4 b6 32. b4 h5 33. Qf3 Qxb4 34. Qe2 Qe7 35. Rb1 Bg5 36. Bxb6 Nxb6 37. Rxb6 Qc5 38. Rxa6 Qd4 39. Qe1 Nf6 40. d6 Nxe4 41. Ra7+ Qxa7 42. Qxe4 Bf6 43. Qc6 Qf2 44. Qc7+ Kh6 45. d7 Qe1+ 46. Kh2 Bh4 47. d8=Q Bg3# 0-1

[Event "Welsh Seniors O50"]
[Site "?"]
[Date "2025.09.26"]
[Round "1.5"]
[White "Slegg, Gary"]
[Black "Adams, Mark"]
[Result "0-1"]
[WhiteElo "1619"]
[BlackElo "1851"]
[WhiteFideId "-1"]
[PlyCount "60"]
[GameId "2228161185810411"]
[EventDate "2025.??.??"]

1. e4 c5 2. d4 cxd4 3. c3 dxc3 4. Nxc3 e6 5. Nf3 a6 6. Bc4 b5 7. Bb3 Bb7 8. O-O d6 9. Qe2 Nd7 10. Rd1 Be7 11. Bf4 Qb6 12. Rac1 Ngf6 13. e5 dxe5 14. Bxe5 Nxe5 15. Nxe5 O-O 16. Nd7 Nxd7 17. Rxd7 Qc6 18. Rxb7 Qxb7 19. Bc2 Rac8 20. Qd3 g6 21. Re1 Rfd8 22. Qh3 b4 23. Be4 Qd7 24. Ne2 Qd2 25. Kf1 Qxb2 26. Bb7 Rc2 27. Bxa6 Qxa2 28. Bd3 Rd2 29. Nc1 Rxf2+ 30. Kg1 Qd2 0-1

[Event "Welsh Seniors O50"]
[Site "?"]
[Date "2025.09.26"]
[Round "1.6"]
[White "Tuson, Jon"]
[Black "Stannard, Mike"]
[Result "1/2-1/2"]
[WhiteElo "1825"]
[BlackElo "1517"]
[WhiteFideId "-1"]
[WhiteFideId "-1"]
[PlyCount "88"]
[GameId "2228161185810412"]
[EventDate "2025.??.??"]

1. Nf3 Nf6 2. d4 g6 3. c4 Bg7 4. Nc3 O-O 5. e4 d6 6. h3 e5 7. dxe5 dxe5 8. Qxd8 Rxd8 9. Bg5 Rd6 10. Be2 h6 11. Bh4 b6 12. Nb5 Rc6 13. Nxe5 Rc5 14. f4 a6 15. Nc3 Nbd7 16. b4 Rxe5 17. fxe5 Nxe5 18. O-O Nfd7 19. Rac1 Bb7 20. Nd5 c6 21. Nf6+ Nxf6 22. Bxf6 Bxf6 23. Rxf6 Kg7 24. Rd6 Re8 25. c5 b5 26. Rcd1 Bc8 27. Rd8 Kf8 28. R8d6 Ke7 29. g4 Be6 30. a3 Rf8 31. Kg2 g5 32. Rf1 Rg8 33. Rf5 Bxf5 34. exf5 f6 35. Bd1 Rf8 36. Bb3 Ke8 37. Be6 Ke7 38. Kg3 Rd8 39. Rxd8 Kxd8 40. Ba2 Kc7 41. Kf2 Kd8 42. Ke3 Ke7 43. Bb3 Kd8 44. Ba2 Kc7 1/2-1/2

[Event "Welsh Seniors Over 50"]
[Site "?"]
[Date "2025.09.27"]
[Round "2.1"]
[White "Toczek, Grzegorz"]
[Black "Hatchett, Paul"]
[Result "1/2-1/2"]
[WhiteElo "2231"]
[BlackElo "1933"]
[PlyCount "92"]
[GameId "2228161185814509"]
[EventDate "2024.??.??"]

1. e4 c5 2. Nf3 d6 3. c3 Nf6 4. Be2 Bd7 5. d3 g6 6. Qb3 Qb6 7. Qc2 Qc7 8. a3 Bg7 9. b4 O-O 10. Bb2 d5 11. Nbd2 dxe4 12. dxe4 cxb4 13. axb4 Nc6 14. Qb1 a6 15. O-O Ng4 16. h3 Nge5 17. Nd4 Qb6 18. N4b3 Rfd8 19. Rd1 Bh6 20. Bc1 Be6 21. Nc5 Na7 22. Nf1 Rxd1 23. Bxd1 Bg7 24. Nxe6 Qxe6 25. Bb3 Qc6 26. Bd2 Nc4 27. Be1 Nb5 28. Qd3 Rc8 29. Rc1 e6 30. f3 Bh6 31. Rc2 Bg5 32. Ba4 Rd8 33. Qe2 Bf6 34. Bxb5 axb5 35. Bf2 Qa6 36. f4 Qa1 37. e5 Be7 38. Bd4 Bxb4 39. Ra2 Qb1 40. Ra7 b6 41. Qf2 Bc5 42. Qh4 Rf8 43. Rd7 Ne3 44. Qf2 Qxf1+ 45. Qxf1 Nxf1 46. Kxf1 Rc8 1/2-1/2

[Event "Welsh Seniors O50"]
[Site "?"]
[Date "2025.09.27"]
[Round "2.3"]
[White "Cooke, Mark"]
[Black "Tuson, Jon"]
[Result "0-1"]
[WhiteElo "1644"]
[BlackElo "1826"]
[WhiteFideId "-1"]
[WhiteFideId "-1"]
[PlyCount "72"]
[GameId "2228161185818606"]
[EventDate "2024.??.??"]

1. e4 d6 2. d4 Nf6 3. Bd3 g6 4. h3 Bg7 5. f4 c5 6. Nf3 cxd4 7. O-O Nc6 8. a3 O-O 9. b4 a6 10. Bb2 e5 11. fxe5 dxe5 12. Bc1 h6 13. Bd2 Be6 14. Qc1 Kh7 15. Be1 Rc8 16. Bg3 Nd7 17. Qe1 Nb6 18. Nbd2 Qe7 19. Bh4 Qd7 20. Nh2 Na4 21. Bf6 Nb2 22. Qh4 b5 23. Bxg7 Kxg7 24. Qf6+ Kh7 25. Ndf3 Qd8 26. Qxd8 Rcxd8 27. Rab1 Nc4 28. Rf2 Ra8 29. Ng4 Bxg4 30. hxg4 Nxa3 31. Rbf1 Nc4 32. g5 h5 33. Nh4 Ne3 34. Rb1 Kg7 35. Rf6 Rac8 36. Kf2 Ng4+ 0-1